| 000 | 00674nam a2200205 i 4500 | ||
|---|---|---|---|
| 001 | 84934 | ||
| 003 | ES-MaACL | ||
| 007 | t| | ||
| 008 | 041124s1983 sp ||||1| spa d | ||
| 100 | 1 |
_aJoll, James. _966800 |
|
| 245 | 1 | 0 |
_aHistoria de Europa desde 1870 / _cJames Joll ; versión de Enrique Obregón ; revisión técnica de Javier Maestro. |
| 260 |
_a[Madrid : _bAlianza, _c1983] |
||
| 300 |
_a563 p. ; _c23 cm. |
||
| 490 | 1 |
_aAlianza universidad. Textos ; _v66 |
|
| 700 | 1 |
_aObregón, Enrique de. _986425 |
|
| 700 | 1 |
_aMaestro, Javier. _975407 |
|
| 830 | 0 |
_aAlianza universidad. Textos ; _v66 _9177885 |
|
| 852 |
_aES-MaACL _jL-5355 _bR.105883 |
||
| 999 |
_c84934 _d84934 |
||